000 00296nam a22001337a 4500
008 170608b xxu||||| |||| 00| 0 eng d
020 _a9780321195500
041 _aeng
080 _a327
100 _a17
101 _aSHP
245 _aINTERNATIONAL RELATIONS
_cGOLSTEIN, J.S
942 _2udc
_cBK
999 _c16546
_d16546